000
00274nam a2200109Ia 4500
008
220204s9999 xx 000 0 und d
082
_a
82-3
_b
WOD
100
_a
Wodehouse, P G
245
0
_a
Lord Emsworth and others
260
_a
London
_b
Barrie and Jenkins
_c
1937
942
_c
BK
999
_c
30464
_d
30464